00465nam a22001457a 4500003000900000005001700009008002900026040002200055082001500077100002700092245009700119260005400216300002000270700002900290DO-SdBNP20180219151543.0160610b 2004 ru 00| 0 spa d aBPMSUbspacBPMSU 4axxxxbxxxx1 a Banykin, Nicolás P.13aEl cosmos, la tierra y la humanidad /cNicolás P. Banykin ; traducción Sergio Guadarrama aRusia :bSociedad Oriental de los Roerich,c2004. a58 p. ;c20 cm.1 aGuadarrama, Sergio,etr.